| 000 | 00562 a2200205 4500 | ||
|---|---|---|---|
| 999 |
_c182811 _d182811 |
||
| 005 | 20211208165237.0 | ||
| 010 | _aENG-130215 | ||
| 020 |
_c155.00 _a978-81-81-8044-33 |
||
| 035 | _aEN-113747 | ||
| 037 | _bDBAD / PUB | ||
| 082 | _a330 | ||
| 100 | _aKrishna, S. Rama | ||
| 245 |
_aEconomic Geography: _cS. Rama Krishna |
||
| 250 | _a2017 | ||
| 260 |
_aHyderabad _bTelugu Akademi _c2017 |
||
| 270 |
_bHyderabad _minfo@teluguacademy.net |
||
| 300 |
_a402p. _c24cm (hbk) |
||
| 700 | _aA. Krishna Kumari | ||
| 942 |
_adpl _cEN _2ddc _h330 _mSHA |
||